Guide pratique des falsifications et altérations des substances alimentaires / (Record no. 36130)

MARC details
000 -LEADER
campo de control de longitud fija 00564nam a2200169 i 4500
001 - NÚMERO DE CONTROL
campo de control 36130
003 - IDENTIFICADOR DE NÚMERO DE CONTROL
campo de control ES-MaACL
005 - FECHA Y HORA DE LA ÚLTIMA TRANSACCIÓN
campo de control 20230906155317.0
007 - CAMPO FIJO DE DESCRIPCIÓN FÍSICA--INFORMACIÓN GENERAL
campo de control de longitud fija t|
008 - DATOS DE LONGITUD FIJA--INFORMACIÓN GENERAL
campo de control de longitud fija 030217s1907 fr ||||1| fre d
100 1# - ENTRADA PRINCIPAL--NOMBRE DE PERSONA
Nombre de persona Breteau, Pierre.
9 (RLIN) 31620
245 10 - MENCIÓN DEL TÍTULO
Título Guide pratique des falsifications et altérations des substances alimentaires /
Mención de responsabilidad, etc. par Pierre Breteau ; preface par Cazeneuve.
260 ## - PUBLICACIÓN, DISTRIBUCIÓN, ETC.
Lugar de publicación, distribución, etc. Paris :
Nombre del editor, distribuidor, etc. J.B. Baillière,
Fecha de publicación, distribución, etc. 1907 (
Fabricante Darantiére)
300 ## - DESCRIPCIÓN FÍSICA
Extensión VIII, 386 p., 10 lám. :
Otras características físicas il. ;
Dimensiones 20 cm.
700 1# - ENTRADA AGREGADA--NOMBRE PERSONAL
Nombre de persona Cazeneuve.
9 (RLIN) 37241
852 ## - LOCALIZACIÓN
Ubicación ES-MaACL
Número de control de estantería D-2877
Holdings
Estatus retirado Estado de pérdida Estado de daño No para préstamo Biblioteca de origen Biblioteca actual Ubicación en estantería Fecha de adquisición Fuente de adquisición Total de préstamos Signatura topográfica completa Código de barras Visto por última vez Precio de reemplazo Tipo de ítem Koha
        Biblioteca del Ateneo de Madrid Biblioteca del Ateneo de Madrid Sala Valle Inclán 17/01/2008     D-2877 901037919 23/02/2023 23/02/2023 Libro impreso